000 00379nam a2200145Ia 4500
008 240729s9999 xx 000 0 und d
022 _a2054-5703
245 0 _aRoyal Society Open Science
260 _aUnited Kingdom
260 _bThe Royal Society
650 _aScience
856 _uhttps://doaj.org/toc/4e8020adc2cc420d8e5107a683a944a1
942 _2ddc
942 _cDOAJEJ
999 _c66635
_d66635
945 _a1
_bMadushi Gamage
_c1
_dMadushi Gamage